Miniatűr Szent Demeter templom eszméje

Elmentve itt :
Bibliográfiai részletek
Szerző: Dercsényi Lajos
Dokumentumtípus: Cikk
Megjelent: 1913-07-24
Sorozat:Délmagyarország 4 No. 171
Kulcsszavak:Temlomépítészet Szeged 1913, Demeter templom, építészet, műemlékvédelem
Online Access:http://dmarchiv.bibl.u-szeged.hu/77505
LEADER 00529nab a2200157 i 4500
001 delm77505
005 20180928090456.0
008 180928s1913 hu o 0|| hun d
040 |a SZTE Délmagyarország Archívum  |b hun 
041 |a hun 
100 1 |a Dercsényi Lajos 
245 1 0 |a Miniatűr Szent Demeter templom eszméje  |h [elektronikus dokumentum] /  |c  Dercsényi Lajos 
260 |c 1913-07-24 
300 |a 4 
490 0 |a Délmagyarország  |v 4 No. 171 
695 |a Temlomépítészet Szeged 1913, Demeter templom, építészet, műemlékvédelem